Welcome to CU Library Online Public Access Catalogue (OPAC)

Cases and materials on the English legal system / (Record no. 735)

MARC details
000 -LEADER
fixed length control field 00710nam a2200229 a 4500
001 - CONTROL NUMBER
control field 569590
005 - DATE AND TIME OF LATEST TRANSACTION
control field 20241106171023.0
008 - FIXED-LENGTH DATA ELEMENTS--GENERAL INFORMATION
fixed length control field 890414s1988 enk b 001 0 eng
020 ## - INTERNATIONAL STANDARD BOOK NUMBER
International Standard Book Number 0297793543
020 ## - INTERNATIONAL STANDARD BOOK NUMBER
International Standard Book Number 9780297793540
050 00 - LIBRARY OF CONGRESS CALL NUMBER
Classification number KD7111.A7
Item number Z35 1988
082 00 - DEWEY DECIMAL CLASSIFICATION NUMBER
Classification number 347.42/012/02648
-- 344.2071202648
Edition information 20
100 1# - MAIN ENTRY--PERSONAL NAME
Personal name Zander, Michael.
245 10 - TITLE STATEMENT
Title Cases and materials on the English legal system /
Statement of responsibility, etc. Michael Zander.
250 ## - EDITION STATEMENT
Edition statement 5th ed.
260 ## - PUBLICATION, DISTRIBUTION, ETC.
Place of publication, distribution, etc. London :
Name of publisher, distributor, etc. Weidenfeld and Nicolson,
Date of publication, distribution, etc. 1988.
300 ## - PHYSICAL DESCRIPTION
Extent xxix, 641 p. ;
Dimensions 22 cm.
Other physical details Index
440 #0 - SERIES STATEMENT/ADDED ENTRY--TITLE
Title Law in context
650 #0 - SUBJECT ADDED ENTRY--TOPICAL TERM
Topical term or geographic name entry element Courts
Geographic subdivision Great Britain
General subdivision Cases.
650 #0 - SUBJECT ADDED ENTRY--TOPICAL TERM
Topical term or geographic name entry element Procedure (Law)
Geographic subdivision Great Britain
General subdivision Cases.
942 ## - ADDED ENTRY ELEMENTS (KOHA)
Source of classification or shelving scheme Library of Congress Classification
Koha item type Books
Edition 5th Ed.
Suppress in OPAC No
999 ## -
-- 735
-- 735
Holdings
Withdrawn status Lost status Source of classification or shelving scheme Damaged status Not for loan Collection Home library Current library Shelving location Date acquired Total checkouts Full call number Barcode Date last seen Copy number Price effective from Koha item type
    Library of Congress Classification     Non-fiction Law Library (Miotso) Law Library (Miotso) General stacks 11/06/2024   KD7111.A7Z35 ZAN llm00000599 11/06/2024 1 11/06/2024 Books
© 2023-2024 Copyright: Central University Libraries. All Rights Reserved | Created by: Mahone Tech Office